| 000 | 00621nam a2200205 a 4500 | ||
|---|---|---|---|
| 001 | 2548 | ||
| 003 | CDMR | ||
| 005 | 20131126154911.0 | ||
| 008 | 130130s1975||||||||||||||||||||||||||||d | ||
| 040 |
_aCDMR _bcat _cCDMR |
||
| 100 | 1 |
_aBoris, Claude _91913 |
|
| 245 | 1 | 4 |
_aLes tigres de papier _b: crise de la presse et autocritique du journalisme _cClaude Boris |
| 260 |
_aParis _c1975 _bSeuil |
||
| 300 | _a310 p. | ||
| 490 | 0 | _aCombats | |
| 650 | 0 | 4 |
_9311 _aEmpreses periodístiques |
| 650 | 0 | 4 |
_93243 _aMitjans de comunicació de massa _xManipulació |
| 650 | 0 | 4 |
_93782 _aPeriodistes _xPràctica professional |
| 942 |
_cMON _2udc |
||
| 999 |
_c2548 _d2548 |
||